BIBLIOTECA

SENCICO

Problemas de geodesia (Registro nro. 593)

Detalles MARC
000 -LEADER
fixed length control field 00654nam a2200265Ia 4500
005 - DATE AND TIME OF LATEST TRANSACTION
control field 20251020182443.0
008 - FIXED-LENGTH DATA ELEMENTS--GENERAL INFORMATION
fixed length control field 200515s9999 xx 000 0 und d
020 ## - INTERNATIONAL STANDARD BOOK NUMBER
International Standard Book Number 84-8439-160-4
082 ## - DEWEY DECIMAL CLASSIFICATION NUMBER
Classification number 528.861/E64
100 ## - MAIN ENTRY--PERSONAL NAME
Personal name Enríquez Turiño, Carlos
100 ## - MAIN ENTRY--PERSONAL NAME
Personal name López Romero, Manuel
100 ## - MAIN ENTRY--PERSONAL NAME
Personal name Ramos Galán, María Isabel
245 #0 - TITLE STATEMENT
Title Problemas de geodesia
260 ## - PUBLICATION, DISTRIBUTION, ETC.
Place of publication, distribution, etc. Jaén
260 ## - PUBLICATION, DISTRIBUTION, ETC.
Name of publisher, distributor, etc. Universidad de Jaén
260 ## - PUBLICATION, DISTRIBUTION, ETC.
Date of publication, distribution, etc. [2005]
300 ## - PHYSICAL DESCRIPTION
Extent 157 p.
300 ## - PHYSICAL DESCRIPTION
Other physical details il., tbl., graf.
500 ## - GENERAL NOTE
General note 2 ejemplares
650 ## - SUBJECT ADDED ENTRY--TOPICAL TERM
Topical term or geographic name entry element GEODESIA
650 ## - SUBJECT ADDED ENTRY--TOPICAL TERM
Topical term or geographic name entry element RECONOCIMIENTOS TOPOGRAFICOS
942 ## - ADDED ENTRY ELEMENTS (KOHA)
Koha item type Libros
Existencias
Fecha de la última vez que lo usaron Pago total Signatura topográfica completa Código de barras Precio efectivo desde Tipo de documento Estado perdido Estado dañado No es para préstamo Retirado Ubicación permanente Ubicación actual Fecha de adquisición Número de ejemplar
15/05/2020   528.861/E64 Bib-Lima15050593 15/05/2020 Libros         Biblioteca Central Lima Biblioteca Central Lima 15/05/2020  
15/05/2020   528.861/E64 Bib-Lima16050593 15/05/2020 Libros         Biblioteca Central Lima Biblioteca Central Lima 15/05/2020 Ej.2